| 000 | 00484nam a2200181 a 4500 | ||
|---|---|---|---|
| 003 | PILC | ||
| 005 | 20160128145650.0 | ||
| 008 | 080110s19uu xx 00 eng d | ||
| 020 | _a9780495009146 | ||
| 050 |
_aB 2939 _b.G151 2007 |
||
| 100 | _aGale, Richard M. | ||
| 245 |
_aOn the philosophy of religion / _cRichard M. Gale |
||
| 260 |
_aU.S.A : _bThomson, _c2007. |
||
| 300 |
_a146 pages : _c23 cm. |
||
| 650 |
_aReligion _xPhilosophy. |
||
| 942 |
_cBK _2lcc _kFOR |
||
| 999 |
_c22763 _d22763 |
||